[Event "ARM-ch (Women) 78th"]
[Site "Yerevan"]
[Date "2023.01.21"]
[Round "9"]
[White "Yedigaryan, Asya"]
[Black "Gasparian, Narine"]
[Result "1/2-1/2"]
[WhiteElo "1859"]
[BlackElo "2022"]
[PlyCount "87"]
[EventDate "2023.01.13"]
[EventType "tourn"]
[EventRounds "9"]
[EventCountry "ARM"]
[SourceTitle "CBM 212 Extra"]
[Source "ChessBase"]
[SourceDate "2023.03.31"]
[SourceVersion "1"]
[SourceVersionDate "2023.03.31"]
[SourceQuality "1"]

1. e4 c5 2. Nf3 e6 3. d4 cxd4 4. Nxd4 a6 5. Nc3 Qc7 6. Be3 Nf6 7. Bd3 Nc6 8. Nxc6 bxc6 9. 0-0 d5 10. Qf3 Bd6 11. h3 0-0 12. Bg5 Be5 13. Rae1 d4 14. Nd1 h6 15. Bd2 Nh7 16. Qe2 Bf4 17. Bxf4 Qxf4 18. g3 Qc7 19. e5 Bb7 20. f4 c5 21. Nf2 f5 22. exf6 Nxf6 23. Ng4 Rae8 24. Bxa6 Ba8 25. Bd3 Qb7 26. Nxf6+ Rxf6 27. Be4 Qxb2 28. Qc4 Qa3 29. Qb3 Qa6 30. Bd3 Qd6 31. Re5 Bd5 32. Bc4 Ba8 33. Rfe1 Kh8 34. Qb5 Rc8 35. Rxe6 Rxe6 36. Rxe6 Qd8 37. Qa6 Qd7 38. Qd6 Qb7 39. Rxh6+ gxh6 40. Qxh6+ Qh7 41. Qf6+ Qg7 42. Qh4+ Qh7 43. Qf6+ Qg7 44. Qh4+ 1/2-1/2

[Event "ARM-ch (Women) 78th"]
[Site "Yerevan"]
[Date "2023.01.20"]
[Round "8"]
[White "Gasparian, Narine"]
[Black "Hayrapetyan, Nvard"]
[Result "0-1"]
[WhiteElo "2022"]
[BlackElo "1543"]
[PlyCount "78"]
[EventDate "2023.01.13"]
[EventType "tourn"]
[EventRounds "9"]
[EventCountry "ARM"]
[SourceTitle "CBM 212 Extra"]
[Source "ChessBase"]
[SourceDate "2023.03.31"]
[SourceVersion "1"]
[SourceVersionDate "2023.03.31"]
[SourceQuality "1"]

1. d4 d5 2. c4 e6 3. Nc3 c5 4. cxd5 exd5 5. Nf3 Nc6 6. g3 Nf6 7. Bg2 Be7 8. 0-0 0-0 9. Bg5 c4 10. Ne5 Be6 11. b3 cxb3 12. axb3 Ne8 13. Bxe7 Nxe7 14. Nd3 Nc7 15. Nf4 Bf5 16. b4 Qd7 17. Qb3 Rfd8 18. Ra5 b6 19. Ra2 g5 20. Nd3 Qd6 21. b5 Ne6 22. Nxd5 Nxd5 23. e4 Nxd4 24. Qc4 Nc3 25. Qxc3 Be6 26. e5 Bxa2 27. Qb2 Qg6 28. Nb4 Bc4 29. Bxa8 Bxf1 30. Bd5 Bh3 31. f3 Be6 32. Qxd4 Bxd5 33. h4 Qb1+ 34. Kf2 Qb3 35. Nd3 Qc2+ 36. Ke3 Qd1 37. hxg5 Qxf3+ 38. Kd2 Qe4 39. Qc3 Bc4 0-1

[Event "ARM-ch (Women) 78th"]
[Site "Yerevan"]
[Date "2023.01.18"]
[Round "6"]
[White "Gasparian, Narine"]
[Black "Gevorgyan, Maria"]
[Result "1/2-1/2"]
[WhiteElo "2022"]
[BlackElo "2269"]
[PlyCount "86"]
[EventDate "2023.01.13"]
[EventType "tourn"]
[EventRounds "9"]
[EventCountry "ARM"]
[SourceTitle "CBM 212 Extra"]
[Source "ChessBase"]
[SourceDate "2023.03.31"]
[SourceVersion "1"]
[SourceVersionDate "2023.03.31"]
[SourceQuality "1"]

1. d4 Nf6 2. Nf3 g6 3. c4 c5 4. d5 d6 5. g3 Bg7 6. Bg2 0-0 7. Nc3 e6 8. 0-0 exd5 9. Nxd5 Nxd5 10. Qxd5 Nc6 11. Bf4 Be6 12. Qxd6 Qb6 13. Be3 Nd4 14. Qxb6 Nxe2+ 15. Kh1 axb6 16. Rfe1 Nd4 17. Bxd4 cxd4 18. Nd2 d3 19. Bxb7 Ra7 20. Bd5 Bxb2 21. Rad1 Ra5 22. Re3 Bf5 23. Ne4 Bd4 24. Rexd3 Rxd5 25. f3 Ra5 26. Rxd4 Rxa2 27. g4 Bxe4 28. fxe4 Rc2 29. R1d2 Rxd2 30. Rxd2 Rc8 31. Rd4 Kg7 32. Kg2 Kf6 33. Rd6+ Ke5 34. Rxb6 Rxc4 35. Rb7 Rxe4 36. Re7+ Kd4 37. Rxf7 Rxg4+ 38. Kf3 Rh4 39. Kg3 Rh5 40. h4 Ke5 41. Kg4 Ke6 42. Ra7 Kf6 43. Rb7 Ke6 1/2-1/2

[Event "ARM-ch HL (Women) 77th"]
[Site "Yerevan"]
[Date "2022.01.12"]
[Round "1"]
[White "Gasparian, Narine"]
[Black "Gaboyan, Susanna"]
[Result "0-1"]
[WhiteElo "2004"]
[BlackElo "2254"]
[PlyCount "72"]
[EventDate "2022.01.12"]
[EventType "tourn"]
[EventRounds "9"]
[EventCountry "ARM"]
[SourceTitle "CBM 206 Extra"]
[Source "ChessBase"]
[SourceDate "2022.03.31"]
[SourceVersion "1"]
[SourceVersionDate "2022.03.31"]
[SourceQuality "1"]

1. d4 Nf6 2. Nf3 g6 3. c4 Bg7 4. g3 0-0 5. Nc3 d5 6. Bg2 dxc4 7. 0-0 c6 8. Ne5 Be6 9. Bf4 Nbd7 10. e4 Nxe5 11. Bxe5 Qd7 12. Qe2 b5 13. Rfd1 Bg4 14. f3 Bh3 15. Bh1 h5 16. a4 a6 17. Qe3 Rfd8 18. Ne2 Ng4 19. fxg4 Bxe5 20. gxh5 c5 21. hxg6 fxg6 22. Qg5 Qg4 23. Qxe5 Qxe2 24. Qg5 Qg4 25. Qxc5 Rac8 26. Qxe7 Rd7 27. Qh4 Qe2 28. Qh6 Rf8 29. Bf3 Qxf3 30. Qxh3 Rdf7 31. e5 Kg7 32. axb5 axb5 33. Qg2 Qxg2+ 34. Kxg2 Rf2+ 35. Kh3 Kh6 36. e6 Kg5 0-1

[Event "ARM-ch (Women) 68th"]
[Site "Yerevan"]
[Date "2013.01.19"]
[Round "7"]
[White "Movsisian, Naira"]
[Black "Gasparian, Narine"]
[Result "0-1"]
[WhiteElo "2040"]
[BlackElo "2099"]
[PlyCount "80"]
[EventDate "2013.01.12"]
[EventType "tourn"]
[EventRounds "9"]
[EventCountry "ARM"]
[SourceTitle "CBM 152 Extra"]
[Source "ChessBase"]
[SourceDate "2013.02.25"]
[SourceVersion "1"]
[SourceVersionDate "2013.02.25"]
[SourceQuality "1"]

1. e4 d6 2. d4 Nf6 3. Nc3 g6 4. f3 c6 5. Be3 a6 6. Qd2 b5 7. Nge2 Nbd7 8. Bh6 Bb7 9. Ng3 Qa5 10. Bxf8 Nxf8 11. Be2 Ne6 12. 0-0 h5 13. Rfd1 h4 14. Nf1 Nh5 15. Qe3 b4 16. Nb1 Nef4 17. e5 dxe5 18. dxe5 Nxe2+ 19. Qxe2 Qc5+ 20. Qe3 Qxc2 21. Nbd2 Qf5 22. Qb6 Rb8 23. Qxb4 Nf4 24. Nc4 Qg5 25. Nfe3 0-0 26. Rd7 c5 27. Qxc5 Rfe8 28. Kf2 Rbc8 29. Qb4 Bc6 30. Rdd1 Bb5 31. g3 Nh5 32. Rg1 Red8 33. Rae1 Rd4 34. b3 Rcd8 35. a4 Bc6 36. Qc3 Rd3 37. Qc2 Ba8 38. Re2 Ng7 39. Nb2 R3d7 40. Kg2 Ne6 0-1

[Event "ARM-ch (Women) 68th"]
[Site "Yerevan"]
[Date "2013.01.15"]
[Round "4"]
[White "Gasparian, Narine"]
[Black "Babayan, Armine"]
[Result "1-0"]
[WhiteElo "2099"]
[BlackElo "2021"]
[PlyCount "55"]
[EventDate "2013.01.12"]
[EventType "tourn"]
[EventRounds "9"]
[EventCountry "ARM"]
[SourceTitle "CBM 152 Extra"]
[Source "ChessBase"]
[SourceDate "2013.02.25"]
[SourceVersion "1"]
[SourceVersionDate "2013.02.25"]
[SourceQuality "1"]

1. d4 Nf6 2. Nf3 e6 3. c4 c5 4. e3 d5 5. Bd3 cxd4 6. exd4 dxc4 7. Bxc4 Bd6 8. 0-0 0-0 9. Nc3 a6 10. Bg5 b5 11. Bb3 Bb7 12. Qe2 Nbd7 13. Ne5 Qb6 14. Rac1 h6 15. Be3 Qd8 16. Rfd1 Nb6 17. Ng4 Nh7 18. Bc2 Qh4 19. d5 Nxd5 20. Nxd5 exd5 21. Rd4 Kh8 22. Qd3 f5 23. Ne5 Qh5 24. Rh4 Qe8 25. Nf3 Qe7 26. Bd4 Kg8 27. Re1 Qd7 28. Rh5 1-0

[Event "ARM-ch (Women) 62nd"]
[Site "Yerevan"]
[Date "2008.01.20"]
[Round "8"]
[White "Gasparian, Narine"]
[Black "Andriasian, Siranush"]
[Result "1/2-1/2"]
[WhiteElo "2172"]
[BlackElo "2228"]
[PlyCount "82"]
[EventDate "2008.01.13"]
[EventType "tourn"]
[EventRounds "9"]
[EventCountry "ARM"]
[SourceTitle "CBM 122 Extra"]
[Source "ChessBase"]
[SourceDate "2008.03.04"]
[SourceVersion "1"]
[SourceVersionDate "2008.03.04"]
[SourceQuality "1"]

1. d4 Nf6 2. c4 e6 3. Nf3 d5 4. Nc3 Be7 5. Bg5 h6 6. Bh4 0-0 7. e3 b6 8. Bd3 Bb7 9. 0-0 Nbd7 10. Rc1 Ne4 11. Bxe7 Qxe7 12. Qe2 c5 13. cxd5 exd5 14. Ba6 Bxa6 15. Qxa6 Ndf6 16. dxc5 bxc5 17. Nxe4 Nxe4 18. Rfd1 Rfd8 19. Qa3 Rac8 20. Nd2 f5 21. Qa6 Rb8 22. b3 Rb6 23. Qa5 Rf8 24. Nxe4 fxe4 25. Qxc5 Qh4 26. Qxd5+ Kh8 27. Rd2 Rbf6 28. Rcc2 Rg6 29. Qc5 Qf6 30. h3 Qf3 31. g3 Rf5 32. Qc8+ Kh7 33. Qc7 h5 34. h4 Rg4 35. Rc5 Rxc5 36. Qxc5 Rxh4 37. gxh4 Qg4+ 38. Kf1 Qh3+ 39. Ke1 Qh1+ 40. Ke2 Qf3+ 41. Ke1 Qh1+ 1/2-1/2

[Event "ARM-ch (Women) 62nd"]
[Site "Yerevan"]
[Date "2008.01.15"]
[Round "3"]
[White "Gasparian, Narine"]
[Black "Aghabekian, Liana"]
[Result "1-0"]
[WhiteElo "2172"]
[BlackElo "2191"]
[PlyCount "63"]
[EventDate "2008.01.13"]
[EventType "tourn"]
[EventRounds "9"]
[EventCountry "ARM"]
[SourceTitle "CBM 122 Extra"]
[Source "ChessBase"]
[SourceDate "2008.03.04"]
[SourceVersion "1"]
[SourceVersionDate "2008.03.04"]
[SourceQuality "1"]

1. d4 Nf6 2. c4 g6 3. Nf3 Bg7 4. g3 0-0 5. Bg2 d6 6. 0-0 c6 7. Nc3 Qb6 8. h3 Qa6 9. Nd2 Be6 10. Qb3 Nbd7 11. e4 Nb6 12. d5 cxd5 13. cxd5 Bd7 14. a4 Rfc8 15. Re1 Nh5 16. Qb4 Qd3 17. a5 Rxc3 18. bxc3 Bxc3 19. Qb3 Qd4 20. Ra2 Na4 21. Nf3 Qc5 22. Be3 Qxa5 23. Rc1 Bg7 24. Qxb7 Qd8 25. Bxa7 Nc3 26. Bb6 Rb8 27. Bxd8 Rxb7 28. Rac2 Nxe4 29. Bxe7 Bf6 30. Rc8+ Be8 31. Rxe8+ Kg7 32. Bf8+ 1-0

[Event "EU-Cup (Women) 10th"]
[Site "Saint Vincent"]
[Date "2005.09.24"]
[Round "7.4"]
[White "Gasparian, Narine"]
[Black "Gara, Anita"]
[Result "0-1"]
[WhiteElo "2227"]
[BlackElo "2372"]
[PlyCount "78"]
[EventDate "2005.09.18"]
[EventType "team-swiss"]
[EventRounds "7"]
[EventCountry "ITA"]
[SourceTitle "EXT 2013"]
[Source "ChessBase"]
[SourceDate "2012.11.22"]
[SourceVersion "1"]
[SourceVersionDate "2012.11.22"]
[SourceQuality "1"]
[WhiteTeam "Yerevan Mika (W)"]
[BlackTeam "Budapest MTK (W)"]
[WhiteTeamCountry "ARM"]
[BlackTeamCountry "HUN"]

1. d4 d5 2. c4 Nc6 3. Nf3 Bg4 4. cxd5 Bxf3 5. dxc6 Bxc6 6. Nc3 e6 7. e4 Bb4 8. f3 Qh4+ 9. g3 Qh5 10. Be2 0-0-0 11. Be3 f5 12. Qb3 Bxc3+ 13. bxc3 Re8 14. Qa3 fxe4 15. f4 Qh3 16. Qxa7 Nf6 17. Kd2 Nd5 18. Qc5 Rhf8 19. Raf1 Kd7 20. Qa3 Ra8 21. Qb2 Ra5 22. Rf2 Rfa8 23. Bc4 Nb6 24. Bb3 Bd5 25. Ra1 Rb5 26. Ke1 Nc4 27. Qc1 Nxe3 28. c4 Ng2+ 29. Ke2 e3 30. cxd5 exf2 31. dxe6+ Kc8 32. e7 Kd7 33. Qc4 Rxb3 34. Qxb3 Nxf4+ 35. Kxf2 Qg2+ 36. Ke3 Nd5+ 37. Kd3 Qf3+ 38. Kc4 Nb6+ 39. Kb4 Ra4+ 0-1

[Event "ARM-ch (Women)"]
[Site "Yerevan"]
[Date "2005.05.19"]
[Round "6"]
[White "Gasparian, Narine"]
[Black "Danielian, Elina"]
[Result "0-1"]
[WhiteElo "2200"]
[BlackElo "2415"]
[PlyCount "132"]
[EventDate "2005.05.13"]
[EventType "tourn"]
[EventRounds "9"]
[EventCountry "ARM"]
[EventCategory "1"]
[SourceTitle "CBM 106 Extra"]
[Source "ChessBase"]
[SourceDate "2005.07.01"]
[SourceVersion "1"]
[SourceVersionDate "2005.07.01"]
[SourceQuality "1"]

1. d4 d5 2. c4 dxc4 3. Nf3 c6 4. Nc3 e6 5. e3 b5 6. a4 Bb4 7. Be2 Nf6 8. 0-0 Bxc3 9. bxc3 0-0 10. Qc2 Nbd7 11. e4 Re8 12. e5 Nd5 13. Ng5 f5 14. exf6 N7xf6 15. Ba3 h6 16. Nf3 Nf4 17. Ne5 Nxe2+ 18. Qxe2 Qd5 19. Qc2 Qe4 20. Qb2 Bb7 21. Bc5 Qd5 22. f3 Nd7 23. Nxd7 Qxd7 24. Rfe1 a6 25. Qf2 Qf7 26. Re5 Rad8 27. a5 Rd5 28. Rae1 Bc8 29. f4 Red8 30. Qg3 Kh7 31. h4 Rxe5 32. fxe5 Qg6 33. Qf3 Bd7 34. Rf1 Be8 35. Qf8 Rd7 36. Be7 c5 37. Bxc5 Rf7 38. Rxf7 Bxf7 39. Qe7 Qb1+ 40. Kh2 Qf5 41. Qb7 Qf4+ 42. Kg1 Bg6 43. Qf3 Qxh4 44. Bf8 Be4 45. Qf2 Qg5 46. Qe2 Qc1+ 47. Kh2 Qf4+ 48. Kg1 Bd5 49. Bb4 Kg6 50. Qc2+ Be4 51. Qf2 Qc1+ 52. Kh2 Qg5 53. Bf8 h5 54. Qg3 h4 55. Qxg5+ Kxg5 56. Ba3 Kg4 57. Bc1 Bd5 58. Kg1 Kg3 59. Bd2 Bxg2 60. Be1+ Kh3 61. Kf2 g5 62. Bd2 g4 63. Bg5 Bd5 64. Bf4 g3+ 65. Kg1 Kg4 66. Bd2 h3 0-1

[Event "ARM-ch (Women)"]
[Site "Yerevan"]
[Date "2005.05.16"]
[Round "4"]
[White "Gasparian, Narine"]
[Black "Mkrtchian, Lilit"]
[Result "0-1"]
[WhiteElo "2200"]
[BlackElo "2400"]
[PlyCount "70"]
[EventDate "2005.05.13"]
[EventType "tourn"]
[EventRounds "9"]
[EventCountry "ARM"]
[EventCategory "1"]
[SourceTitle "CBM 106 Extra"]
[Source "ChessBase"]
[SourceDate "2005.07.01"]
[SourceVersion "1"]
[SourceVersionDate "2005.07.01"]
[SourceQuality "1"]

1. d4 d5 2. c4 e6 3. Nc3 Be7 4. Nf3 Nf6 5. Bg5 h6 6. Bh4 0-0 7. Rc1 c6 8. e3 Nbd7 9. Bd3 dxc4 10. Bxc4 b5 11. Bd3 Bb7 12. 0-0 a6 13. Bxf6 Nxf6 14. Ne4 Nd7 15. Nc5 Nxc5 16. dxc5 Bf6 17. Rc2 Qe7 18. Nd2 Rfd8 19. Ne4 Rd5 20. Rd2 Rad8 21. b4 Be5 22. f4 f5 23. Nf2 Bc3 24. Rc2 Bxb4 25. Qe2 Bxc5 26. Kh1 R5d7 27. g4 Bb6 28. gxf5 c5+ 29. Be4 Bxe4+ 30. Nxe4 exf5 31. Ng3 c4 32. Qg2 Rd1 33. Rcf2 Qf7 34. Qf3 R1d3 35. Rg2 Rxe3 0-1

[Event "Yerevan Petrosian Memorial op"]
[Site "Yerevan"]
[Date "2004.11.19"]
[Round "1"]
[White "Gasparian, Narine"]
[Black "Sulskis, Sarunas"]
[Result "0-1"]
[WhiteElo "2213"]
[BlackElo "2555"]
[PlyCount "90"]
[EventDate "2004.11.18"]
[EventType "swiss"]
[EventRounds "9"]
[EventCountry "ARM"]
[SourceTitle "CBM 103 Extra"]
[Source "ChessBase"]
[SourceDate "2005.01.01"]
[SourceVersion "1"]
[SourceVersionDate "2005.01.01"]
[SourceQuality "1"]

1. d4 d5 2. c4 e6 3. Nc3 Bb4 4. Nf3 dxc4 5. e3 b5 6. a4 c6 7. Be2 Nf6 8. 0-0 Bxc3 9. bxc3 0-0 10. Ne5 a6 11. Ba3 Re8 12. Qc2 Qc7 13. Rfb1 Nbd7 14. f4 Bb7 15. Bf3 c5 16. axb5 Bxf3 17. Nxf3 axb5 18. dxc5 Nxc5 19. Nd4 Nd3 20. Nxb5 Qc6 21. Qe2 e5 22. Nd6 Re6 23. f5 Rxd6 24. Bxd6 Re8 25. Bb4 Nd5 26. Ra5 N3xb4 27. cxb4 Nc3 28. Qc2 Nxb1 29. Qxb1 Qd6 30. Rc5 Qd2 31. Rxc4 Qxe3+ 32. Kh1 h5 33. Qc1 Qf2 34. Rc8 Rxc8 35. Qxc8+ Kh7 36. h3 Qe1+ 37. Kh2 Qxb4 38. Qd7 f6 39. Qd3 Qf4+ 40. g3 e4 41. Qd5 Qf2+ 42. Kh1 e3 43. Qg2 Qxf5 44. Kg1 Qe5 45. Kf1 Qa1+ 0-1

[Event "Black Sea Countries-ch (Women)"]
[Site "Batumi"]
[Date "2000.05.22"]
[Round "9"]
[White "Gasparian, Narine"]
[Black "Chanturia, Tamar"]
[Result "1-0"]
[WhiteElo "2152"]
[BlackElo "2000"]
[PlyCount "41"]
[EventDate "2000.05.??"]
[EventType "swiss"]
[EventRounds "9"]
[EventCountry "GEO"]
[SourceTitle "EXT 2004"]
[Source "ChessBase"]
[SourceDate "2003.11.25"]
[SourceVersion "1"]
[SourceVersionDate "2003.11.25"]
[SourceQuality "1"]

1. d4 g6 2. Nf3 Bg7 3. c4 d6 4. g3 f5 5. Bg2 c5 6. 0-0 cxd4 7. Nxd4 a6 8. Bd5 Nf6 9. Ne6 Bxe6 10. Bxe6 Nc6 11. Nc3 Qa5 12. Bg5 Nh5 13. Nd5 h6 14. Be3 Nd8 15. Bb6 Qxb6 16. Nxb6 Nxe6 17. Nxa8 Kf7 18. Nb6 Bd4 19. Nd5 g5 20. e3 Nxg3 21. hxg3 1-0

[Event "Black Sea Countries-ch (Women)"]
[Site "Batumi"]
[Date "2000.05.21"]
[Round "8"]
[White "Khukhashvili, Sopiko"]
[Black "Gasparian, Narine"]
[Result "1-0"]
[WhiteElo "2226"]
[BlackElo "2152"]
[PlyCount "91"]
[EventDate "2000.05.??"]
[EventType "swiss"]
[EventRounds "9"]
[EventCountry "GEO"]
[SourceTitle "EXT 2004"]
[Source "ChessBase"]
[SourceDate "2003.11.25"]
[SourceVersion "1"]
[SourceVersionDate "2003.11.25"]
[SourceQuality "1"]

1. e4 c5 2. Nf3 e6 3. d4 cxd4 4. Nxd4 Nc6 5. Nc3 Qc7 6. Be2 a6 7. 0-0 Nf6 8. Be3 Bb4 9. Na4 Be7 10. Nxc6 bxc6 11. Nb6 Rb8 12. Nxc8 Qxc8 13. e5 Nd5 14. Bc1 Bc5 15. c4 Ne7 16. b3 Qc7 17. Bb2 0-0 18. Bd3 Ng6 19. Qh5 Qa5 20. Qd1 Rfd8 21. Qc2 Nf8 22. a3 Qb6 23. b4 a5 24. b5 d5 25. exd6 Bxd6 26. a4 f5 27. Rfd1 Ng6 28. Rac1 Bc5 29. g3 cxb5 30. cxb5 Rbc8 31. Qe2 Nf8 32. Kg2 h5 33. h4 Qb7+ 34. f3 Qe7 35. f4 Qb7+ 36. Kh2 Qb6 37. Kh3 Bb4 38. Qe5 Qb7 39. Rxc8 Rxc8 40. b6 Rc5 41. Ba6 Rxe5 42. Bxb7 Re2 43. Bd4 Rc2 44. Ba6 Bd6 45. b7 Nd7 46. Ba7 1-0

[Event "Black Sea Countries-ch (Women)"]
[Site "Batumi"]
[Date "2000.05.17"]
[Round "4"]
[White "Gasparian, Narine"]
[Black "Danielian, Elina"]
[Result "1-0"]
[WhiteElo "2152"]
[BlackElo "2331"]
[PlyCount "101"]
[EventDate "2000.05.??"]
[EventType "swiss"]
[EventRounds "9"]
[EventCountry "GEO"]
[SourceTitle "EXT 2004"]
[Source "ChessBase"]
[SourceDate "2003.11.25"]
[SourceVersion "1"]
[SourceVersionDate "2003.11.25"]
[SourceQuality "1"]

1. d4 d5 2. c4 dxc4 3. Nf3 Nf6 4. e3 e6 5. Bxc4 c5 6. 0-0 a6 7. Bd3 Nbd7 8. Nc3 b5 9. a4 b4 10. Ne4 Bb7 11. Nxf6+ Nxf6 12. Qe2 cxd4 13. exd4 Be7 14. Be3 0-0 15. Rac1 Qa5 16. Ne5 Rfc8 17. Nc4 Qd5 18. f3 Bd8 19. Be4 Nxe4 20. fxe4 Qxe4 21. Nd6 Rxc1 22. Nxe4 Rxf1+ 23. Kxf1 Bxe4 24. Bg5 f5 25. Bxd8 Rxd8 26. Qxa6 Rxd4 27. Qxe6+ Kf8 28. Qc8+ Kf7 29. Qc7+ Ke6 30. Qb6+ Kd5 31. a5 Rc4 32. Qd8+ Kc5 33. Qc7+ Kb5 34. Qb6+ Ka4 35. a6 Kb3 36. Qe6 Bd3+ 37. Kf2 Kxb2 38. a7 Rc2+ 39. Ke3 Be4 40. Qxe4 fxe4 41. a8Q Rc3+ 42. Kxe4 b3 43. Kd4 Rc2 44. Qb7 g6 45. h4 h5 46. g3 Rc3 47. Qb8 Kc2 48. Qe5 b2 49. Qe2+ Kb3 50. Qd1+ Kb4 51. Qe1 1-0

[Event "Tbilisi zt (Women)"]
[Site "Tbilisi"]
[Date "1999.??.??"]
[Round "5"]
[White "Gasparian, Narine"]
[Black "Edzgveradze, Natalia"]
[Result "0-1"]
[WhiteElo "2170"]
[BlackElo "2295"]
[PlyCount "85"]
[EventDate "1999.05.07"]
[EventType "swiss"]
[EventRounds "9"]
[EventCountry "GEO"]
[SourceTitle "EXT 2001"]
[Source "ChessBase"]
[SourceDate "2000.11.22"]
[SourceVersion "1"]
[SourceVersionDate "2000.11.22"]
[SourceQuality "1"]

1. d4 Nf6 2. c4 e6 3. Nf3 b6 4. a3 Ba6 5. Qc2 Bb7 6. Nc3 c5 7. e4 cxd4 8. Nxd4 Nc6 9. Nf3 Qb8 10. Be2 Bc5 11. 0-0 Nd4 12. Qd1 Ng4 13. g3 Nxe2+ 14. Qxe2 Be7 15. Bf4 d6 16. Rad1 0-0 17. Rd2 Rd8 18. Rfd1 a6 19. Ng5 Nf6 20. b4 Qc7 21. b5 h6 22. Nf3 g5 23. Be3 axb5 24. Nxb5 Qc6 25. Nfd4 Qxe4 26. f3 Qe5 27. Nc2 Ne8 28. Ne1 Rdc8 29. Qd3 d5 30. cxd5 Bxd5 31. Bd4 Bc5 32. Re2 Qf6 33. Qe3 Bxd4 34. Nxd4 Nd6 35. Kg2 Nc4 36. Qf2 Rxa3 37. Ndc2 Ra4 38. Rb1 g4 39. Nd4 Ne5 40. Rxb6 gxf3+ 41. Ndxf3 Ra3 42. Re3 Rxe3 43. Qxe3 0-1

[Event "Tbilisi zt (Women)"]
[Site "Tbilisi"]
[Date "1999.??.??"]
[Round "9"]
[White "Gasparian, Narine"]
[Black "Tqeshelashvili, Sopio"]
[Result "0-1"]
[WhiteElo "2170"]
[BlackElo "2321"]
[PlyCount "160"]
[EventDate "1999.05.07"]
[EventType "swiss"]
[EventRounds "9"]
[EventCountry "GEO"]
[SourceTitle "EXT 2001"]
[Source "ChessBase"]
[SourceDate "2000.11.22"]
[SourceVersion "1"]
[SourceVersionDate "2000.11.22"]
[SourceQuality "1"]

1. d4 Nf6 2. Nf3 e6 3. c4 Bb4+ 4. Bd2 Qe7 5. g3 0-0 6. Bg2 Bxd2+ 7. Qxd2 Ne4 8. Qc2 f5 9. 0-0 d6 10. Nc3 Nxc3 11. Qxc3 Nd7 12. Rad1 e5 13. dxe5 dxe5 14. Qe3 c6 15. Rd2 e4 16. Rfd1 Re8 17. Nd4 Ne5 18. Qc3 Bd7 19. b3 c5 20. Nc2 Bc6 21. Ne3 Qf7 22. Nd5 Rac8 23. Qe3 b6 24. Qf4 Ng6 25. Qg5 Rf8 26. Bh3 Rce8 27. Nf4 Ne5 28. Rd6 Bd7 29. R1d5 Kh8 30. Qh4 Kg8 31. Rxd7 Nxd7 32. Bxf5 Qxf5 33. Rxf5 Rxf5 34. Nd5 Rf7 35. Nc7 Re5 36. Qd8+ Nf8 37. Nd5 h6 38. Nf4 Kh7 39. Qd6 Ref5 40. Qc6 Re7 41. Nd5 Rd7 42. Qc8 Rdf7 43. Qe8 g5 44. Qxe4 Ng6 45. f3 Re5 46. Qd3 Kg7 47. Qc3 Kh7 48. Qd3 Kg7 49. Ne3 h5 50. Nd5 Re6 51. Qd2 Rf5 52. Qb2+ Kh6 53. f4 gxf4 54. gxf4 Nxf4 55. Qh8+ Kg5 56. Qd8+ Kg4 57. Nxf4 Kxf4 58. Qd2+ Kg4 59. e4 Rg5 60. Qe3 h4 61. Kh1 Kh5 62. Qf3+ Kg6 63. Qf8 Rxe4 64. Qg8+ Kf5 65. Qh7+ Kf4 66. Qxh4+ Rg4 67. Qf6+ Ke3 68. Qc3+ Kf2 69. Qc2+ Kf1 70. Qd3+ Kf2 71. Qc2+ Kf3 72. Qd3+ Re3 73. Qf5+ Rf4 74. Qh3+ Ke2 75. Qh5+ Ke1 76. Qh6 Rf1+ 77. Kg2 Rf2+ 78. Kg1 Rfe2 79. Qh4+ Kd1 80. Qg4 Kc1 0-1

[Event "Tbilisi zt (Women)"]
[Site "Tbilisi"]
[Date "1999.??.??"]
[Round "6"]
[White "Hlgatian, Goar"]
[Black "Gasparian, Narine"]
[Result "0-1"]
[WhiteElo "2239"]
[BlackElo "2170"]
[PlyCount "120"]
[EventDate "1999.05.07"]
[EventType "swiss"]
[EventRounds "9"]
[EventCountry "GEO"]
[SourceTitle "EXT 2001"]
[Source "ChessBase"]
[SourceDate "2000.11.22"]
[SourceVersion "1"]
[SourceVersionDate "2000.11.22"]
[SourceQuality "1"]

1. e4 c5 2. Nf3 e6 3. d4 cxd4 4. Nxd4 Nc6 5. Nb5 d6 6. c4 Nf6 7. N1c3 a6 8. Na3 Be7 9. Be2 0-0 10. 0-0 b6 11. Be3 Bb7 12. f3 Re8 13. Qd2 d5 14. cxd5 exd5 15. exd5 Nb4 16. Rfd1 Nbxd5 17. Bd4 b5 18. Nc2 Qc7 19. Kh1 Rad8 20. Rac1 Nf4 21. Bf1 Ne6 22. Ne2 Qb8 23. Qe1 Nd5 24. Qg3 Qxg3 25. hxg3 Nxd4 26. Ncxd4 Bf6 27. Rd3 Rc8 28. Rcd1 g6 29. a3 Be5 30. f4 Bxd4 31. Nxd4 Ne3 32. Ra1 Nc4 33. b4 Ne3 34. Kg1 Rcd8 35. Re1 Nc4 36. Rxe8+ Rxe8 37. Kf2 Rd8 38. Nc2 Rxd3 39. Bxd3 Nb2 40. Bf1 Nd1+ 41. Ke2 Nc3+ 42. Ke3 Ne4 43. g4 Nf6 44. Kd4 Nxg4 45. Ne1 Kf8 46. Be2 Nf6 47. Kc5 Ne4+ 48. Kb6 Nd6 49. Bf3 Bc8 50. Nd3 Nc4+ 51. Kc7 Bf5 52. Nc5 Nxa3 53. Nxa6 h5 54. Kc6 Bd3 55. Kc5 h4 56. Nc7 Bf1 57. Bc6 Kg7 58. Nd5 Bxg2 59. Bxb5 Bxd5 60. Bf1 Bc4 0-1

[Event "Tbilisi zt (Women)"]
[Site "Tbilisi"]
[Date "1999.??.??"]
[Round "2"]
[White "Kalevic, Sanja"]
[Black "Gasparian, Narine"]
[Result "1-0"]
[WhiteElo "2354"]
[BlackElo "2170"]
[PlyCount "87"]
[EventDate "1999.05.07"]
[EventType "swiss"]
[EventRounds "9"]
[EventCountry "GEO"]
[SourceTitle "EXT 2001"]
[Source "ChessBase"]
[SourceDate "2000.11.22"]
[SourceVersion "1"]
[SourceVersionDate "2000.11.22"]
[SourceQuality "1"]

1. e4 c5 2. Nf3 e6 3. c4 Nc6 4. Nc3 Qb6 5. Be2 a6 6. 0-0 Nf6 7. a3 Be7 8. d3 Qc7 9. Ne1 0-0 10. f4 b6 11. Be3 Bb7 12. Nc2 d6 13. Rc1 Nd7 14. d4 cxd4 15. Nxd4 Nc5 16. Bf3 Bf6 17. Nxc6 Bxc3 18. b4 Bb2 19. Rb1 Bxc6 20. bxc5 Bxa3 21. cxd6 Bxd6 22. Bxb6 Qe7 23. e5 Bc5+ 24. Kh1 Rfc8 25. Ba5 h6 26. Qe2 Ba3 27. Rb3 Bc5 28. Rfb1 Qe8 29. h3 Bxf3 30. Qxf3 Qc6 31. Qd3 Bf8 32. Rc1 Rab8 33. Rxb8 Rxb8 34. c5 Rb2 35. Qf3 Qc8 36. c6 Rb5 37. Bd2 Bc5 38. Qe4 Qc7 39. Kh2 Bf8 40. Be3 Rb4 41. Qd3 Rb5 42. Qd7 Qxd7 43. cxd7 Rd5 44. Rc8 1-0

[Event "EU-ch U16 Girls"]
[Site "Mureck"]
[Date "1998.??.??"]
[Round "2"]
[White "Gara, Anita"]
[Black "Gasparian, Narine"]
[Result "1-0"]
[WhiteElo "2290"]
[BlackElo "2070"]
[PlyCount "49"]
[EventDate "1998.07.08"]
[EventType "swiss"]
[EventRounds "9"]
[EventCountry "AUT"]
[SourceTitle "CBM 065 Extra"]
[Source "ChessBase"]
[SourceDate "1998.09.09"]
[SourceVersion "1"]
[SourceVersionDate "1998.09.09"]
[SourceQuality "1"]

1. e4 c5 2. Nf3 d6 3. d4 cxd4 4. Nxd4 Nf6 5. Nc3 Nc6 6. Bg5 e6 7. Qd2 a6 8. 0-0-0 Be7 9. f4 0-0 10. Bc4 Qc7 11. Nxc6 Qxc6 12. Bb3 Rd8 13. Qe2 Qc7 14. Kb1 b5 15. e5 Ne8 16. exd6 Nxd6 17. Nd5 exd5 18. Bxe7 Bf5 19. Bxd8 Rxd8 20. Rxd5 Be4 21. Re5 Qc6 22. Rd1 Bxg2 23. Rxd6 Qxd6 24. Re8+ Rxe8 25. Qxe8+ 1-0